000 00443cam a2200181ua 4500
001 9063
008 150220n ii |||gr||||Z||||||eng
040 _cMAIN
041 _aeng
082 _a821
100 _aDutta, D. C..,
_dAuthor,
_eAuthor.
245 1 _aNotes on a students book of english poetry
_cBy D. C. Dutta
250 _a1st.
260 _aGuwahati:
_bOriental,
_c1971.
300 _a124p.
653 _aEnglish poetry
942 _cBK
999 _c8153
_d8153